000
00363nam a2200145Ia 4500
008
090124s9999 xx 000 0 und d
082
_b
304649
245
_a
सागरभेद
250
_a
1
260
_b
कर्णिक हेमन
_c
2002
300
_a
175
630
_a
सागरभेद
730
_a
सागरभेद
942
_c
BOOK
999
_c
194578
_d
194578